000 00215nam a2200097Ia 4500
008 240331s9999 xx 000 0 und d
082 _bCAS
100 _aSilva,K.T. ed
245 0 _aCasteless or caste blind
942 _cL
999 _c4502
_d4502